Rozvoj a podpora rodinnej mediácie

Mediácia ako spôsob práce s klientom. Rodinná mediácia - prednosti, potenciál, výzvy. Medzinárodný kontext rodinnej mediácie. Prieskum rodinnej mediácie medzi pracovníkmi Úradov práce, sociálnych vecí a rodiny. Závery z prieskumu.

Enregistré dans:
Détails bibliographiques
Auteur principal: Pružinská, Jana
Format: Chapitre de livre
Langue:slovaque
Sujets:
Tags: Ajouter un tag
Pas de tags, Soyez le premier à ajouter un tag!

MARC

LEADER 00000nla a2200000 4500
001 0205488
005 20240417075058.6
041 0 |a slo 
044 |a CZ 
245 1 0 |a Rozvoj a podpora rodinnej mediácie  |c Jana Pružinská 
520 |a Mediácia ako spôsob práce s klientom. Rodinná mediácia - prednosti, potenciál, výzvy. Medzinárodný kontext rodinnej mediácie. Prieskum rodinnej mediácie medzi pracovníkmi Úradov práce, sociálnych vecí a rodiny. Závery z prieskumu. 
610 2 0 |a mediácia 
610 2 0 |a mediátori 
610 2 0 |a rodina 
610 2 0 |a úrady práce 
610 2 0 |a práca sociálna 
610 2 0 |a prieskum 
100 1 |a Pružinská, Jana